Province delle Marche per Popolazione - Statistics

Statistiche generali
  • Questo quiz è stato fatto 14 volte
  • Il punteggio medio è 5 su 5
Statistiche sulle risposte
Popolazione (ab.) Provincia % Corretto
471 228 Provincia di Ancona
100%
207 179 Provincia di Ascoli Piceno
92%
173 800 Provincia di Fermo
92%
314 178 Provincia di Macerata
85%
351 303 Provincia di Pesaro e Urbino
85%
Nessun quiz corrispondente trovato
Distribuzione punteggi
Percentuale di utenti per punteggio
Percentile per numero di risposta
I tuoi punteggi nel tempo
Non hai fatto questo quiz